00841nam a2200241 a 450000100100000000500170001000800410002702000150006804000250008308200180010810000260012624500490015226000420020130000200024349000250026350000710028865000290035965000310038883000320041904900090045195201220046099900170058200001938120200929170012.0100628s1991 sp r 000 p spa d a8440467532 aDO-SdBNPbspacBNPHU a861.44bE859m1 aEtxeba, Carlos94163713aEl mar está dentro de ti /cCarlos Etxeba. aBilbao, España :bEdertasuna,c19?? a64 p. ;c22 cm.1 aColección poesía aIncluye información biográfica del autor en la contracubierta. 4aPoesía española9631 4aLiteratura española9632 0aColección poesía941638 aBNGR 001054708MOaGRbGRcCTd2010-06-28iLF1l0o861.44 E859mp19381-10r2020-06-25w2020-06-25y4ZPréstamo en sala c18898d18898